| 000 | 00774cam a2200253 i 4500 | ||
|---|---|---|---|
| 001 | 4141410 | ||
| 005 | 20180301093417.0 | ||
| 008 | 801210s1981 coua b 001 0 eng | ||
| 010 | _a 77090883 | ||
| 020 |
_a0877731942 : _c$19.95 |
||
| 020 |
_a0877731934 (pbk.) : _c$9.95 |
||
| 020 |
_z0394513515 (Random House) : _c$19.95 |
||
| 020 |
_a0394735803 (Random House : pbk.) : _c$9.95 |
||
| 040 |
_aDLC _cDLC _dDLC |
||
| 041 | _aeng | ||
| 080 | _a700.1 | ||
| 082 | 0 | 0 |
_a700.1 DOC _219 |
| 100 | 1 | _a45 | |
| 101 | _aART | ||
| 245 | 1 | 4 |
_aThe power of limits : _cGyörgy Doczi. |
| 504 | _aIncludes bibliographical references and index. | ||
| 906 |
_a7 _bcbc _corignew _du _eopcn _f19 _gy-gencatlg |
||
| 942 |
_2ddc _cBK |
||
| 999 |
_c43892 _d43892 |
||